Tajovský v ďalšom kroji

Podrobná bibliografia
Hlavný autor: Čavojský, Ladislav, 1932-2014 (Autor)
Médium: Článok
Jazyk:slovenčina
ISSN:0862-5999
Predmet:

MARC

LEADER 00000nab a2200000 a 4500
001 vtls009276754
003 SK-MaSNL
005 20260303234745.0
008 140422c2008 xo |||||| | ||00 b|slo
015 |a SNBRB2008/03  |2 snkbucl 
038 |a SNKBUCL 
040 |a SNKBUCL  |b slo  |c SNKBUCL  |e AACR2 
041 0 |a slo 
044 |a xo  |c SK 
080 |a 792.2  |x (048)  |2 1997 
100 1 |a Čavojský, Ladislav,  |d 1932-2014  |4 aut  |9 101804 
245 1 0 |a Tajovský v ďalšom kroji  |c Ladislav Čabvojský 
600 1 7 |a Tajovský, Jozef Gregor,  |d 1874-1940  |t Statky-zmätky  |2 snkbucl  |9 93248 
610 2 7 |a Divadlo Andreja Bagara v Nitre  |2 snkbucl  |9 32093 
651 7 |a Nitra (Slovensko)  |2 snkbucl  |9 15714 
655 7 |a recenzie  |2 snkbucl  |9 21907 
773 0 |t Literárny (dvoj)týždenník  |g Roč. XXI, č. 1-2 (2008), s. 13  |x 0862-5999 
852 |a SNK  |b KIS3GCP 
958 |a RC 
999 |c 2522508  |d 2524438